Responses for Show #7292 - Tuesday, May 3, 2016

2016 Teachers Tournament quarterfinal game 2.

Contestants

[<< previous game]

Nicole Throckmorton, an 11th grade English and creative writing teacher from Williamsburg, Virginia

Jason Sterlacci, a 6th grade English teacher from Somerset, New Jersey

Greg Greenzweig, a high school art teacher from Pennsville, New Jersey

[next game >>]

Jeopardy! Round responses

WORK WITH KIDS
(Alex: Hey, that's what you guys do.)
THE LONG HOURS
(Alex: You do that also.)
THE DEDICATION
GIVING EVERY "THING"
A LIFETIME OF SERVICE
(Alex: For some of you, yes.)
NOW WHAT'S FOR LUNCH
    $200 26
the Jonas Brothers

Jason
    $200 21
a filibuster

Jason
    $200 16
Ayn Rand

Jason
    $200 11
a plaything

Jason
    $200 1
John Marshall

Nicole
    $200 6
(Alex: You do not view [*] as delicacies?)
[Laughter]
(Jason: Not quite.)

prunes

Triple Stumper
    $400 27
"The Kids Are Alright"

Greg
    $400 22
(Jason: What is Venezuela?)
(Greg: What is China?)
(Nicole: What is Japan?)
...
(Alex: Jason was on the right continent.)

Brazil

GregJasonNicole
Triple Stumper
    $400 17
The Prince

Greg
    $400 12
(Nicole: What is gentle?)

soothing

JasonNicole
    $1,000 2
Poet Laureate

Nicole
    $400 7
patty melt

Nicole
    $600 28
Pink Floyd

Jason
    $600 23
World of Warcraft

Greg
    $600 18
(George) Martin

Nicole
    $600 13
(Greg: What is Everything in Its Humour?)

Much Ado About Nothing

Greg
Triple Stumper
    $600 3
White House press corps

Jason
    $600 8
(Greg: What is spaghetti?)

pasta

Greg
Triple Stumper
    $800 29
the kids in America

Jason
    $800 24
10,000

Nicole
    $800 19
(WIlliam Makepeace) Thackeray

Nicole
    $800 14
(Greg: What are the Whigs?)
...
(Alex: Remember, "thing" has to come up. You guys are forgetting the category.)

the Know-Nothings

GregJason
    $800 4
Red Auerbach

Greg
    $800 9
Waldorf salad

Greg
    $1000 30
[Nicole laughs]
(Alex: And Nicole, why does that break you up?)
(Nicole: Because of Maggie.)
(Alex: Oh, all right. Our contestant coordinator.)

Van Halen

Greg
    $1000 25
a heart transplant

Nicole
    $1000 20
Number the Stars

Jason
    $1000 15
a farthing

Nicole
    $1000 5
Michigan

Jason
    $1000 10
ladyfingers

Nicole

Scores at the first commercial break (after clue 15):

Greg Jason Nicole
-$400 $3,000 $3,200

Scores at the end of the Jeopardy! Round:

Greg Jason Nicole
$1,600 $5,600 $6,000

Double Jeopardy! Round responses

THE HAITI FILE
OPERATIC SETTINGS
4-SYLLABLE WORDS
BIOLOGY
WRITERS ON FILM
LESSER-KNOWN NAMES
    $400 11
Hispaniola

Nicole
    $400 1
(Jason: What is Prague?)

Paris

Jason
Triple Stumper
    $400 26
independence

Jason
    $400 6
fraternal twins

Jason
    $400 16
(Henry) Miller

Jason
    $400 21
Liquid Paper

Jason
    $800 12
the Santa MarĂ­a

Jason
    $800 2
Aida

Greg
    $800 27
elevation

Triple Stumper
    $800 7
fermentation

Jason
    $800 17
Hemingway

Jason
    $800 22
(Greg: What is a driver's license?)

a pilot's license

GregJason
    $1200 13
Haitian Creole

Jason
    $1200 3
the Gambler

Triple Stumper
    $1200 28
(Greg: What are emojis?)
...
(Alex: Yes, four syllables.)

emoticons

GregJason
    $1200 8
the circadian rhythm

Jason
    $2,000 18
Harper Lee

Jason
    $1200 23
the Rough Riders

Jason
    $1600 14
the Duvaliers

Jason
    $1600 4
the Underworld

Triple Stumper
    $1,600 29
(Jason: What is reformation?)

awakening

Jason
    $1600 9
cilia

Nicole
    $1600 19
P.L. Travers

Jason
    $1600 24
the Brown Derby

Jason
    $2000 15
Le Cap

Triple Stumper
    $2000 5
Samson & Delilah

Greg
    $2000 30
elocution

Triple Stumper
    $2000 10
agar

Greg
    $2000 20
Ted Hughes

Nicole
    $2000 25
the Hindenburg

Greg

Scores at the end of the Double Jeopardy! Round:

Greg Jason Nicole
$6,400 $20,000 $10,000
(lock-tie game)

Final Jeopardy! Round responses

U.S. MEMORIALS
(Alex: It's [*], and that was the beginning, Pearl Harbor. And then [**], where the Japanese surrender was signed.)
GregWhat are the USS Arizona &
$6,400
NicoleWhat are the FDR + D Day mem
$5,000
JasonWhat are the Pearl Harbor memorial and Ariz
$1,000
the Arizona & the Missouri

Final scores:

Greg Jason Nicole
$0 $19,000 $5,000
3rd place: $5,000 if eliminated Automatic semifinalist 2nd place: $5,000 if eliminated

Game dynamics:

Coryat scores:

Greg Jason Nicole
$6,400 $20,800 $9,400
10 R,
6 W
27 R
(including 1 DD),
3 W
(including 1 DD)
12 R
(including 1 DD),
2 W

Combined Coryat: $36,600

[game clues] [game scores] [suggest correction]

Game tape date: 2016-02-24
The J! Archive is created by fans, for fans. Scraping, republication, monetization, and malicious use prohibited; this site may use cookies and collect identifying information. See terms. The Jeopardy! game show and all elements thereof, including but not limited to copyright and trademark thereto, are the property of Jeopardy Productions, Inc. and are protected under law. This website is not affiliated with, sponsored by, or operated by Jeopardy Productions, Inc. Join the discussion at JBoard.tv.